000 01004nam a22003137a 4500
003 CHAP
005 20220329133810.0
008 971013s1983 r 00010 d
010 _a11083
011 _a12055
035 _a13932
040 _cCHAP
082 0 4 _a551.5
_bF8 1983
100 0 0 _aFuentes Yagüe, José Luis.
_943903
245 1 _aApuntes de meteorología agrícola
250 _a3 ed.
260 _aMadrid :
_bMinisterio de Agricultura, Pesca y Alimentación,
_c1983
300 _a301 p.
_b: ilus.
490 _aPublicaciones de extensión agraria
590 _aBATCH-UPD
_b10
_c20130110
_lUCH01
_h1622
590 _aBATCH-UPD
_b10
_c20130410
_lUCH01
_h1017
590 _aBATCH-UPD
_b10
_c20130914
_lUCH01
_h1815
590 _aCONVERSION
_b10
_c20130109
_lUCH01
_h1307
650 1 4 _aMeteorología agrícola.
_975217
830 0 _aPublicaciones de extensión agraria
_992675
901 _aBK
942 _cLIBRO
949 _a551.5 F8 1983
_bBC
_cLIBRO
_d33724000733531
_eLIBRO
_h75411
_i13932
_si
999 _c11083
_d11083